000 01480cam a22003977i 4500
001 17942672
003 OSt
005 20150729103043.0
008 131114t20132013nju 001 0 eng d
010 _a 2013427511
020 _a9781118445655
020 _a1118445651
035 _a(OCoLC)ocn846519225
040 _aSEKU
042 _apcc
050 0 0 _aHB 615
_b.F5 2013
100 1 _aFeldman, David N.,
_d1960-
_eauthor.
245 1 4 _aThe entrepreneur's growth startup handbook :
_b7 secrets to venture funding and successful growth
_cDavid N. Feldman.
246 3 0 _a7 secrets to venture funding and successful growth
246 3 _aSeven secrets to venture funding and successful growth
264 1 _aHoboken, New Jersey :
_bJohn Wiley & Sons,
_c[2013]
264 4 _c©2013
300 _aix, 179 pages ;
_c24 cm.
336 _atext
_btxt
_2rdacontent
337 _aunmediated
_bn
_2rdamedia
338 _avolume
_bnc
_2rdacarrier
490 1 _aBloomberg financial series
500 _aIncludes index.
650 0 _aEntrepreneurship.
650 0 _aNew business enterprises.
830 0 _aBloomberg financial series.
856 4 2 _3Contributor biographical information
_uhttp://www.loc.gov/catdir/enhancements/fy1402/2013427511-b.html
856 4 2 _3Publisher description
_uhttp://www.loc.gov/catdir/enhancements/fy1402/2013427511-d.html
856 4 1 _3Table of contents only
_uhttp://www.loc.gov/catdir/enhancements/fy1402/2013427511-t.html
942 _2lcc
_cGEN
999 _c7545
_d7545